|
|
|
|
| LEADER |
00753nab a2200205 i 4500 |
| 001 |
publ22273 |
| 005 |
20211020105807.0 |
| 008 |
210907s2010 hu o 0|| zxx d |
| 022 |
|
|
|a 0350-9079
|
| 024 |
7 |
|
|a 2329037
|2 mtmt
|
| 040 |
|
|
|a SZTE Publicatio Repozitórium
|b hun
|
| 041 |
|
|
|a zxx
|
| 100 |
1 |
|
|a Kovács Krisztina
|
| 245 |
1 |
0 |
|a Újra a kollár lokálban
|h [elektronikus dokumentum] :
|b Kollár Árpád: Nem Szarajevóban /
|c Kovács Krisztina
|
| 260 |
|
|
|c 2010
|
| 300 |
|
|
|a 112-119
|
| 490 |
0 |
|
|a HÍD
|v 54 No. 10
|
| 650 |
|
4 |
|a Nyelvek és irodalom
|
| 856 |
4 |
0 |
|u http://publicatio.bibl.u-szeged.hu/22273/2/hid_2010_10_14_kovacs.pdf
|z Dokumentum-elérés
|
| 856 |
4 |
0 |
|u http://publicatio.bibl.u-szeged.hu/22273/13/2329037_c%C3%ADmlap_tartj.pdf
|z Dokumentum-elérés
|